000 00676nam a2200289Ia 4500
005 20260324112310.0
008 008 260324s9999 xx 000 0 eng d
020 _a9781003178095
037 _aEBOOK
040 _aCRL
040 _beng
040 _cCRL
041 _2eng
041 _aeng
084 _qCRL
100 _aKen Basin
_91142116
245 4 _aThe Business of Television
245 0 _bUpdated and Expanded Second Edition
260 _bTaylor and Francis
260 _c2024
365 _a
365 _b230
856 _uhttp://www.taylorfrancis.com/books/9781003178095
942 _cEBOOK
999 _c1731269
_d1731269